Constructed wetlands for wastewater treatment : (Record no. 331924)
[ view plain ]
| 000 -LEADER | |
|---|---|
| fixed length control field | 01288pam a2200277 a 4500 |
| 001 - CONTROL NUMBER | |
| control field | 2925638 |
| 003 - CONTROL NUMBER IDENTIFIER | |
| control field | NUST |
| 005 - DATE AND TIME OF LATEST TRANSACTION | |
| control field | 20180117105335.0 |
| 008 - FIXED-LENGTH DATA ELEMENTS--GENERAL INFORMATION | |
| fixed length control field | 890725s1989 miua b 101 0 eng |
| 010 ## - LIBRARY OF CONGRESS CONTROL NUMBER | |
| LC control number | 89012897 |
| 020 ## - INTERNATIONAL STANDARD BOOK NUMBER | |
| International Standard Book Number | 087371184X |
| 040 ## - CATALOGING SOURCE | |
| Original cataloging agency | DLC |
| Transcribing agency | DLC |
| Modifying agency | DLC |
| 050 00 - LIBRARY OF CONGRESS CALL NUMBER | |
| Classification number | TD756.5 |
| Item number | .C66 1989 |
| 082 00 - DEWEY DECIMAL CLASSIFICATION NUMBER | |
| Classification number | 628.35 HAM |
| Edition number | 20 |
| 245 00 - TITLE STATEMENT | |
| Title | Constructed wetlands for wastewater treatment : |
| Remainder of title | municipal, industrial, and agricultural / |
| Statement of responsibility, etc. | [Edited by] Donald A. Hammer. |
| 260 ## - PUBLICATION, DISTRIBUTION, ETC. | |
| Place of publication, distribution, etc. | Chelsea, Mich. : |
| Name of publisher, distributor, etc. | Lewis Publishers, |
| Date of publication, distribution, etc. | c1989. |
| 300 ## - PHYSICAL DESCRIPTION | |
| Extent | xxii, 831 p. : |
| Other physical details | ill. ; |
| Dimensions | 25 cm. |
| 500 ## - GENERAL NOTE | |
| General note | "Proceedings from the First International Conference on Constructed Wetlands for Wastewater Treatment held in Chattanooga, Tennessee on June 13-17, 1988"--Pref. |
| 501 ## - WITH NOTE | |
| With note | H.B |
| 504 ## - BIBLIOGRAPHY, ETC. NOTE | |
| Bibliography, etc. note | Includes bibliographical references. |
| 650 #0 - SUBJECT ADDED ENTRY--TOPICAL TERM | |
| Topical term or geographic name entry element | Constructed wetlands |
| General subdivision | Congresses. |
| 9 (RLIN) | 5858 |
| 650 #0 - SUBJECT ADDED ENTRY--TOPICAL TERM | |
| Topical term or geographic name entry element | Sewage |
| General subdivision | Purification |
| -- | Biological treatment. |
| 9 (RLIN) | 2606 |
| 700 1# - ADDED ENTRY--PERSONAL NAME | |
| Personal name | Hammer, Donald A. |
| 9 (RLIN) | 5859 |
| 711 2# - ADDED ENTRY--MEETING NAME | |
| Meeting name or jurisdiction name as entry element | International Conference on Constructed Wetlands for Wastewater Treatment |
| Number of part/section/meeting | (1st : |
| Date of meeting | 1988 : |
| Location of meeting | Chattanooga, Tenn.) |
| 9 (RLIN) | 5860 |
| 856 42 - ELECTRONIC LOCATION AND ACCESS | |
| Materials specified | Publisher description |
| Uniform Resource Identifier | <a href="http://www.loc.gov/catdir/enhancements/fy0744/89012897-d.html">http://www.loc.gov/catdir/enhancements/fy0744/89012897-d.html</a> |
| 906 ## - LOCAL DATA ELEMENT F, LDF (RLIN) | |
| a | 7 |
| b | cbc |
| c | orignew |
| d | 1 |
| e | ocip |
| f | 19 |
| g | y-gencatlg |
| 942 ## - ADDED ENTRY ELEMENTS (KOHA) | |
| Source of classification or shelving scheme | |
| Koha item type | Book |
| Call number prefix | IESE |
| Withdrawn status | Lost status | Source of classification or shelving scheme | Damaged status | Not for loan | Collection code | Permanent Location | Current Location | Shelving location | Date acquired | Total Checkouts | Full call number | Barcode | Date last seen | Price effective from | Koha item type |
|---|---|---|---|---|---|---|---|---|---|---|---|---|---|---|---|
| Institute of Environmental Science and Engineering (IESE) | Institute of Environmental Science and Engineering (IESE) | General Stacks | 11/02/2017 | 628.35 HAM | IESE-196 | 11/02/2017 | 11/02/2017 | Book |
